000 00348nam a22001697a 4500
003 UA-OsUOA
001 2996
007 ta
008 20050721b un ||||| |||| 00| 0 ukr d
100 _aQueneau
700 _aRaymond
942 _cBK
040 _aUA-OsUOA
_cUA-OsUOA
_dUA-OsUOA
245 _aLe chiendent.
_bFrench
955 _a2
650 7 _2UDC
999 _c289158
_d289158